000
00329nam a22001337a 4500
005
20250901165819.0
008
250408b |||||||| |||| 00| 0 eng d
020
_a
9966498508
050
_a
PL 8704.K85 1999
245
_a
BANDITS OF KIBI
_c
KULET OLE
260
_a
NAIROBI
_b
LONGHORN PUBLISHERS
_c
1999
300
_a
247
942
_2
lcc
999
_c
9556
_d
9556